| 000 | 01737cab a2200253 ab4500 | ||
|---|---|---|---|
| 005 | 20250618110217.0 | ||
| 008 | 991125c2017 ec fr p o 000 0 spa d | ||
| 035 | _aUPN01000234415 | ||
| 040 |
_aMX-MxUPN _bspa _cMX-MxUPN _eaacr2 |
||
| 049 | _aART-E | ||
| 100 | 1 | _aUre, Mariano | |
| 245 | 1 | 0 |
_aDe la alteridad a la hiperalteridad : _bla relación con el otro en la sociedad red _h[recurso electrónico en línea] |
| 506 | 0 | _aAcceso abierto | |
| 520 | 3 | _aEl artículo analiza desde una perspectiva interdisciplinaria la relación de los hombres con los otros en una sociedad que, a través de la expansión de las tecnologías de la información, va constituyendo una red global de conexiones ilimitadas. Esto nos lleva a preguntarnos si la Sociedad Red es la expresión histórica de un ser- así interdependientes de los hombres y si sus dinámicas comunicacionales reales favorecen la construcción de lo interhumano. La aproximación al problema retoma las propuestas de la losofía de la alteridad y apela a contribuciones teóricas sobre las relaciones sociales basadas en intercambios comunicativos. El resultado es una reformulación de los principios de la filosofía de la alteridad tradicional, en la cual se identi can las posibilidades y condiciones del despliegue de la vocación humana de quienes integran redes. SOPHIA | |
| 653 | 0 | _aÉtica | |
| 653 | 0 | _aReconocimiento | |
| 653 | 0 | _aAlteridad | |
| 773 |
_gNo. 22, (2017), p. 193-212 _tSophia: revista de filosofía de la educación _x1390-8626 |
||
| 856 | 4 | _uhttps://sophia.ups.edu.ec/index.php/sophia/article/view/22.2017.08 | |
| 856 | 4 | _uhttps://doi.org/10.17163/soph.n22.2017.08 | |
| 902 | _aLeonor Sotres/180625 | ||
| 905 | _aArticulo | ||
| 942 | _cART-E | ||
| 999 |
_c206510 _d206510 |
||